| Tag |
First Indicator |
Second Indicator |
Subfields |
| LEADER |
00000cam a2200000 4500 |
| 001 |
in00000021428 |
| 005 |
20151007062317.0 |
| 008 |
720418s1957 nyua 00010 eng u |
| 010 |
|
|
|a 57012373
|
| 035 |
|
|
|a (OCoLC)00287604
|
| 035 |
|
|
|9 AAD4522AM
|
| 040 |
|
|
|c WSU
|d TXA
|d UtOrBLW
|
| 049 |
|
|
|a TXAM
|c [287160]
|
| 050 |
|
0 |
|a PS3537.A618
|b A6 1957
|
| 092 |
|
|
|a 818
|b S213s
|
| 100 |
1 |
|
|a Sandburg, Carl,
|d 1878-1967.
|
| 245 |
1 |
4 |
|a The Sandburg range.
|
| 264 |
|
1 |
|a New York :
|b Harcourt, Brace,
|c [1957]
|
| 300 |
|
|
|a 459 pages :
|b illustrations ;
|c 25 cm.
|
| 336 |
|
|
|a text
|b txt
|2 rdacontent
|
| 337 |
|
|
|a unmediated
|b n
|2 rdamedia
|
| 338 |
|
|
|a volume
|b nc
|2 rdacarrier
|
| 500 |
|
|
|a Selections from the author's works
|
| 999 |
|
|
|a MARS
|
| 999 |
f |
f |
|s e2f72a1d-e657-37fc-88bc-cf28b71e859a
|i d46e70c3-7d8e-3524-a843-6d1414899117
|t 0
|
| 952 |
f |
f |
|p normal
|a Texas A&M University
|b College Station
|c Sterling C. Evans Library
|d Evans: Library Stacks
|t 0
|e PS3537.A618 A6 1957
|h Library of Congress classification
|i unmediated -- volume
|m A14801265341
|
| 998 |
f |
f |
|a PS3537.A618 A6 1957
|t 0
|l Evans: Library Stacks
|